| 000 | 00997cam a2200289 4500 | ||
|---|---|---|---|
| 008 | 000000n1999 000 0 eng u | ||
| 020 | _a1902375386 | ||
| 035 | _a(Sirsi) u100066 | ||
| 041 | _aENG | ||
| 050 | _a658.2 | ||
| 100 | _aGreed, John | ||
| 245 | 3 | _aAn essential guide to property management | |
| 260 |
_aOxford _bChandos publishing Limited _c1999 |
||
| 300 |
_aix,133p. _c26cm. |
||
| 350 | _a59.95 | ||
| 520 | _aThis book is designed to provide a broad background for those who need to understand more about buildings and their use. Areas covered include managerment , legal and technical issues. Estates Gazette reprinted this book in 2002 (ISBN 0728203944). | ||
| 650 | _aASSET MANAGEMENT | ||
| 650 |
_aBlock management _96220 |
||
| 650 | _aPROPERTY LAW | ||
| 650 | _aSECURITY SYSTEMS | ||
| 650 | _aENERGY EFFICIENT BUILDINGS | ||
| 690 | _aMANAGEMENT-FACILITIES MANAGEMENT | ||
| 700 | _aHeath, Roger | ||
| 700 | _aSteel, Mark | ||
| 700 | _aWood, Sue | ||
| 942 | _n0 | ||
| 999 |
_c99573 _d99573 |
||